00431nam a2200181Ia 4500003000400000005001700004006001900021007000300040008004100043024000900084037001200093040002000105041001300125082001600138100001900154245006700173260000900240OSt20220928140535.0a|||||r|||| 00| 0 ta220927b |||||||| |||| 00| 0 eng d a9252 cTextual aSDCLcSDCLbeng 2engaeng aO-,3L:g, M4 aMorris Kevin L 0aImage of the middle ages in romantic and victorian literature. c1984